[Event "Luxembourg op"]
[Site "Luxembourg"]
[Date "1990.??.??"]
[Round "6"]
[White "Babula, Milan"]
[Black "Avshalumov, Alex"]
[Result "0-1"]
[WhiteElo "2345"]
[BlackElo "2450"]

1.e4 c5 2.Nf3 e6 3.d4 cxd4 4.Nxd4 a6 5.Nc3 b5 6.Bd3 Bb7 7.O-O d6 8.f4 Nf6
9.a3 Nbd7 10.Kh1 Be7 11.Bd2 O-O 12.Qf3 Qb6 13.Be3 Qc7 14.Rae1 Nc5 15.Qh3 Kh8
16.Bf2 d5 17.e5 Nfe4 18.Bxe4 Nxe4 19.Re3 Qc4 20.Nce2 a5 21.Bh4 Bxh4 22.Qxh4 b4
23.f5 exf5 24.Nxf5 Bc8 25.Ne7 Be6 26.Rf4 h6 27.h3 Rae8 28.Nf5 Bxf5 29.Rxf5 Qxc2
30.Kh2 Qc7 31.Qf4 g5 32.Qg4 Rxe5 33.Ng3 Qd6 34.axb4 axb4 35.Kg1 Rxf5 36.Nxf5 Qb6
37.Kh2 Kh7 38.Rd3 Qc7+ 39.Kg1 Qc5+ 40.Rd4 Qc1+ 41.Kh2 Qc7+ 42.Kg1 Qe5 43.b3 Ra8
44.Rd1 Ra1 45.Ne3 Kg6 46.Nc2 h5 47.Qe2 Rxd1+ 48.Qxd1 Qc3 49.Qe2 Qxb3 50.Ne3 Qb1+
51.Kh2 Nf6  0-1

[Event "Mar del Plata op"]
[Site "Mar del Plata"]
[Date "1990.??.??"]
[Round "?"]
[White "Kanefsck, Gustavo"]
[Black "Cristobal, Ruben"]
[Result "1-0"]
[WhiteElo "2330"]
[BlackElo "2225"]

1.e4 c5 2.Nf3 e6 3.d4 cxd4 4.Nxd4 a6 5.Nc3 Qc7 6.g3 Nf6 7.Bg2 b5 8.O-O Bb7
9.Re1 h5 10.Bf4 d6 11.Bxd6 Qxd6 12.e5 Qb6 13.Bxb7 Qxb7 14.exf6 gxf6 15.Ne4 Be7
16.Qf3 Kf8 17.Rad1 Nd7 18.Nxf6  1-0

[Event "Moscow op"]
[Site "Moscow"]
[Date "1990.??.??"]
[Round "?"]
[White "Korneev, S."]
[Black "Vyzmanavin, Alexey"]
[Result "1-0"]
[WhiteElo "2280"]
[BlackElo "2585"]

1.e4 c5 2.Nf3 e6 3.d4 cxd4 4.Nxd4 a6 5.Nc3 Qc7 6.Bd3 Nf6 7.O-O Nc6 8.Nxc6 dxc6
9.f4 e5 10.Kh1 Be7 11.a4 O-O 12.f5 h6 13.a5 Bb4 14.Qe1 Rd8 15.g4 Kf8 16.Rg1 Ke7
17.Be3 c5 18.Qh4 Bxc3 19.bxc3 Bd7 20.c4 Rh8 21.Qf2 Rac8 22.h3 Be8 23.Kh2 Kf8
24.Rab1 Nd7 25.g5 hxg5 26.Rxg5 Nf6 27.Rb6 Nh5 28.f6 Bd7 29.fxg7+ Nxg7 30.Rxg7 Rxh3+
31.Kg2 Kxg7 32.Qf6+ Kg8 33.Bh6 Rxh6 34.Qxh6 Be6 35.Rb1 f6 36.Qxf6 Qd6 37.Rg1 Bf7
38.Qxd6  1-0

[Event "Moscow (Women)"]
[Site "Moscow"]
[Date "1990.??.??"]
[Round "?"]
[White "Arakhamia, Ketevan"]
[Black "Sirotkina, Nina"]
[Result "1/2-1/2"]
[WhiteElo "2385"]
[BlackElo "2235"]

1.e4 c5 2.Nf3 e6 3.d4 cxd4 4.Nxd4 a6 5.Nc3 b5 6.a3 Bb7 7.Bd3 Qc7 8.O-O Nc6
9.Be3 Nf6 10.Kh1 Be7 11.f4 d6 12.Qf3 O-O 13.Qh3 g6 14.Nf3 b4 15.axb4 Nxb4
16.Ng5 Nxd3 17.cxd3 h5 18.f5 exf5 19.exf5 Ng4 20.Ra4 Nxe3 21.Qxe3 Qd8 22.Nh3 Bf6
23.fxg6 fxg6 24.Qe6+ Kg7 25.Nf4 Bc8 26.Qd5 Rb8 27.Qe4 Qe8 28.Qxe8 Rxe8 29.Nfd5 Bxc3
30.bxc3 Rb2 31.Rc4 Bb7 32.Rc7+ Kh6 33.Nf4 Rf8 34.Kg1 g5 35.Ne2 Rxf1+ 36.Kxf1 Bxg2+
37.Kf2 Bh3 38.Ke3 Bf1 39.Ng3 Bh3 40.Rc6 Rxh2 41.Rxd6+ Kh7 42.Nxh5 a5 43.Nf6+ Kg7
44.Ne4 g4 45.Ra6 Bf1 46.Rxa5 Rh3+ 47.Kf4 Rxd3 48.Rg5+ Kf7 49.Rxg4 Rd5  1/2-1/2

[Event "Goldberg mem"]
[Site "Moscow"]
[Date "1990.??.??"]
[Round "6"]
[White "Doghri, Nabil"]
[Black "Vasiliev, Rustam N"]
[Result "0-1"]
[WhiteElo "2280"]
[BlackElo "2390"]

1.e4 c5 2.Nf3 e6 3.d4 cxd4 4.Nxd4 a6 5.Nc3 b5 6.Be2 Bb7 7.Qd3 d6 8.f4 Nd7
9.f5 Nc5 10.Qf3 b4 11.fxe6 fxe6 12.O-O Nf6 13.Bg5 bxc3 14.b4 Ncxe4 15.Bxf6 Qxf6
16.Qh5+ g6 17.Rxf6 gxh5 18.Bxh5+ Kd7 19.Rf7+ Be7 20.Bg4 Ng5 21.Rg7 h5 22.Bxe6+ Nxe6
23.Nxe6 Rag8  0-1

[Event "Muenster op"]
[Site "Muenster"]
[Date "1990.??.??"]
[Round "4"]
[White "Semina, Svetlana"]
[Black "Sjoberg, Mats"]
[Result "1-0"]
[WhiteElo "2145"]
[BlackElo "2365"]

1.e4 c5 2.Nf3 e6 3.d4 cxd4 4.Nxd4 a6 5.Nc3 Qc7 6.Bd3 Nf6 7.O-O Bc5 8.Be3 O-O
9.Kh1 d5 10.exd5 exd5 11.h3 Re8 12.Qf3 Be6 13.Na4 Ba7 14.Nc3 Nc6 15.Nxc6 bxc6
16.Bg5 Nd7 17.Qh5 Nf8 18.Rad1 c5 19.b3 Qe5 20.Ne2 f6 21.f4 Qc7 22.Bh4 c4
23.bxc4 Bf7 24.Qg4 dxc4 25.Bf5 h5 26.Qf3 Rad8 27.Rxd8 Qxd8 28.Be4 Qa5 29.Ng3 Qxa2
30.Bd5 Qa5 31.Bxf7+ Kxf7 32.Nxh5 Qf5 33.Ng3 Qc5 34.Qg4 Ng6 35.Nf5 Rd8 36.Bf2 Qc7
37.Bxa7 Qxa7 38.Nxg7 Kxg7 39.f5 Qf7 40.fxg6 Qd5 41.Qh4 f5 42.Qh7+ Kf6 43.g7 a5
44.Qh6+ Kf7 45.Qg5 Kg8 46.Qh6 a4 47.h4 a3 48.Qh8+ Kf7 49.Qh7 Kf6 50.h5 a2
51.Qg6+ Ke7 52.Qg5+ Kd7 53.h6 Ra8 54.Qf6 f4 55.Qc3 Rb8 56.Qh3+ Kc7 57.h7 Rb1
58.g8=Q Rxf1+ 59.Kh2 a1=Q 60.Qhc8+ Kb6 61.Qb8+ Qb7 62.Qe6+ Ka5 63.Qbe5+  1-0

[Event "New York WFW"]
[Site "New York"]
[Date "1990.??.??"]
[Round "?"]
[White "Fishbein, Alexander"]
[Black "Frias, Victor J"]
[Result "1/2-1/2"]
[WhiteElo "2470"]
[BlackElo "2515"]

1.e4 c5 2.Nf3 e6 3.d4 cxd4 4.Nxd4 a6 5.Nc3 Nc6 6.Be2 d6 7.O-O Nf6 8.Be3 Be7
9.f4 O-O 10.a4 Bd7 11.Nb3 b6 12.Bf3 Rb8 13.Qe2 Qc8 14.Bf2 Nb4 15.Bg3 Bc6
16.Kh1 Ba8 17.Rad1 Nd7 18.e5 Bxf3 19.Rxf3 dxe5 20.fxe5 Nc5 21.Rdf1 Nxb3 22.cxb3 Qc6
23.Ne4 Qc2 24.Qe1 Rbd8 25.Rc3 Qxb2 26.Rf2 Qa3 27.Qe2 Nd5 28.Rcf3 Rc8 29.Rf1 Rc1
30.Nd6 Rxf1+ 31.Qxf1 f5 32.h3 Qc5 33.Qxa6 Bxd6 34.exd6 f4 35.d7 Qc6 36.Bxf4 Nxf4
37.d8=Q Rxd8 38.Rxf4 Rd2 39.Rf3 Rd1+ 40.Rf1 Rd2 41.Rf3 Rd1+  1/2-1/2

[Event "Novi Sad ol (Men)"]
[Site "Novi Sad"]
[Date "1990.??.??"]
[Round "1"]
[White "Motwani, Paul"]
[Black "Shadarevian, Michael"]
[Result "1-0"]
[WhiteElo "2425"]
[BlackElo "2365"]

1.e4 c5 2.Nf3 e6 3.d4 cxd4 4.Nxd4 a6 5.Nc3 d6 6.Be3 Nf6 7.Be2 Be7 8.O-O O-O
9.f4 Qc7 10.Bf3 Nc6 11.Nxc6 bxc6 12.Na4 Rb8 13.c4 Nd7 14.Qc2 c5 15.b3 Bb7
16.Rad1 Rbd8 17.Qf2 Bc6 18.Nc3 Rfe8 19.Rd3 Bf6 20.Ne2 Nf8 21.g4 g6 22.Bd2 d5
23.exd5 exd5 24.Bxd5 Bxd5 25.Rxd5 Rxd5 26.cxd5 Qd7 27.Qf3 Rd8 28.Bc3 Qe7
29.g5 Bxc3 30.Nxc3 Re8 31.Rd1 Qd6 32.Ne4 Rxe4 33.Qxe4 Qd7 34.Qf3 Qd6 35.Re1 c4
36.bxc4 Qc5+ 37.Kg2 Qxc4 38.Re2 Qd4 39.Qe4 Qd1 40.h3 a5 41.Rc2  1-0

[Event "Novi Sad ol (Men)"]
[Site "Novi Sad"]
[Date "1990.??.??"]
[Round "1"]
[White "Canfell, Gregory"]
[Black "Velikov, Petar"]
[Result "0-1"]
[WhiteElo "2215"]
[BlackElo "2495"]

1.e4 c5 2.Nf3 e6 3.d4 cxd4 4.Nxd4 a6 5.Nc3 Qc7 6.Be2 b5 7.f4 b4 8.Na4 Bb7
9.Bf3 Nf6 10.e5 Nd5 11.O-O g6 12.c4 Nb6 13.Be3 Nxa4 14.Qxa4 Bc5 15.Nc2 Bxf3
16.Rxf3 O-O 17.Kh1 a5 18.Rd1 Ra7 19.Bxc5 Qxc5 20.Ne3 h5 21.Qc2 Nc6 22.Rg3 Ne7
23.Qe4 Rc8 24.f5 exf5 25.Nxf5 Nxf5 26.Qxf5 Rc6 27.b3 h4 28.Rg5 Re6 29.Rf1 Qe7
30.h3 a4 31.Qf4 axb3 32.axb3 Ra3 33.Rf3 Ra1+ 34.Kh2 Re1 35.Rg4 R6xe5 36.Qh6 R1e4
37.Rxe4 Rxe4 38.Rf1 Qe5+ 39.Kh1 Re1 40.Rxe1 Qxe1+ 41.Kh2 Qg3+ 42.Kh1 Qxb3
43.Qxh4 Qd1+ 44.Kh2 Qd6+ 45.Kh1 b3 46.Qf2 Qe5  0-1

[Event "Novi Sad ol (Men)"]
[Site "Novi Sad"]
[Date "1990.??.??"]
[Round "2"]
[White "Gonzales, Eliseo"]
[Black "Juarez Flores, Gustavo E"]
[Result "1-0"]
[WhiteElo "2255"]
[BlackElo "2280"]

1.e4 c5 2.Nf3 e6 3.d4 cxd4 4.Nxd4 a6 5.Nc3 b5 6.Bd3 Bb7 7.O-O Nc6 8.Nxc6 Bxc6
9.Re1 d6 10.a4 b4 11.Nd5 Qa5 12.c3 bxc3 13.b4 Qd8 14.Be3 Qb8 15.b5 axb5 16.axb5 Rxa1
17.Qxa1 Bb7 18.Ba7 Qc8 19.Nb6 Qd8 20.Qxc3 Nf6 21.Rc1 Be7 22.f3 Nh5 23.Qc7 Bg5
24.Qxb7 Be3+ 25.Kf1 O-O 26.Rc8 Qh4 27.Rxf8+ Kxf8 28.Qc8+ Ke7 29.Qd7+ Kf8
30.Qxd6+ Ke8 31.Qb8+ Qd8 32.Qxd8+ Kxd8 33.Nc8 Bf4 34.b6 Kxc8 35.Ba6+ Kd7
36.g3 Be3 37.Bb5+ Kd8 38.Ke2 Bg1 39.e5 f6 40.Kd3 fxe5 41.Bc6 Nf6 42.Kc4 Ke7
43.Kb5 Nd5 44.Bxd5 exd5 45.Bb8 e4 46.fxe4 dxe4 47.b7 Kd7 48.Bf4 Ba7 49.Ka6  1-0

[Event "Novi Sad ol (Men)"]
[Site "Novi Sad"]
[Date "1990.??.??"]
[Round "3"]
[White "Hasan, Younus"]
[Black "Velikov, Petar"]
[Result "1/2-1/2"]
[WhiteElo "2260"]
[BlackElo "2495"]

1.e4 c5 2.Nf3 e6 3.d4 cxd4 4.Nxd4 a6 5.Nc3 Qc7 6.Be2 b5 7.O-O Bb7 8.Bf3 Nc6
9.Nxc6 dxc6 10.e5 Qxe5 11.Re1 Qc7 12.Bh5 Rd8 13.Qe2 Be7 14.Ne4 g6 15.Bf3 Nf6
16.Bh6 Nxe4 17.Qxe4 Bf6 18.c3 Ke7 19.Qe3 Rd7 20.Bf4 e5 21.Qc5+ Qd6 22.Qxd6+ Kxd6
23.Rad1+ Ke7 24.Bxe5 Rxd1 25.Bxf6+ Kxf6 26.Rxd1  1/2-1/2

[Event "Novi Sad ol (Men)"]
[Site "Novi Sad"]
[Date "1990.??.??"]
[Round "3"]
[White "Ivanovic, Bozidar"]
[Black "Sunye Neto, Jaime"]
[Result "1/2-1/2"]
[WhiteElo "2520"]
[BlackElo "2465"]

1.e4 c5 2.Nc3 a6 3.Nf3 e6 4.d4 cxd4 5.Nxd4 Ne7 6.Be2 Nec6 7.O-O Be7 8.Kh1 O-O
9.f4 b5 10.Be3 Bb7 11.a3 Qc7 12.Bd3 Nxd4 13.Bxd4 Nc6 14.Be3 Na5 15.Qg4 Nc4
16.Bd4 f6 17.Rfd1 Rf7 18.Qg3 Nxb2 19.Nxb5 axb5 20.Bxb2 Bc6 21.Qe3 Ra4 22.Re1 Rf8
23.Rec1 Bd6 24.e5 fxe5 25.fxe5 Bc5 26.Qh3 g6 27.Rf1 Raf4 28.Rxf4 Rxf4 29.Rf1 Rxf1+
30.Bxf1 Ba7 31.Qh4 Qb6 32.Bd4 Qxd4 33.Qd8+ Kg7  1/2-1/2

[Event "Novi Sad ol (Men)"]
[Site "Novi Sad"]
[Date "1990.??.??"]
[Round "13"]
[White "Dominiguez, Jose M"]
[Black "Garbett, Paul Anthony"]
[Result "0-1"]
[WhiteElo "2235"]
[BlackElo "2285"]

1.e4 c5 2.Nf3 e6 3.d4 cxd4 4.Nxd4 a6 5.Nc3 Qc7 6.Bd3 Nf6 7.O-O Nc6 8.Nxc6 bxc6
9.f4 d5 10.Qf3 Bb4 11.Kh1 O-O 12.e5 Nd7 13.Bd2 c5 14.a3 Ba5 15.Ne4 c4 16.Nf6+ Nxf6
17.exf6 cxd3 18.Qg4 g6 19.Qg5 Kh8 20.Rf3 e5 21.Bxa5 Qxa5 22.g4 Bxg4 23.Qxg4 dxc2
24.Rh3 Rfc8 25.Rc1 Qd2 26.Qg1 Qxf4 27.Rc3 Rxc3 28.bxc3 Rb8 29.Qe1 Qxc1  0-1

[Event "Orange op"]
[Site "Orange"]
[Date "1990.??.??"]
[Round "1"]
[White "Radutoiu, C."]
[Black "Velikov, Petar"]
[Result "0-1"]
[WhiteElo "1700"]
[BlackElo "2495"]

1.e4 c5 2.Nf3 e6 3.d4 cxd4 4.Nxd4 a6 5.Nc3 b5 6.a3 Bb7 7.Bd3 d6 8.Be3 Nf6
9.f4 Nbd7 10.O-O Rc8 11.Rc1 Be7 12.Qe1 Ng4 13.Bd2 Qb6 14.Be3 Bf6 15.Nf5 Nxe3
16.Nxe3 Bxc3 17.bxc3 Nf6 18.Kh1 Nxe4 19.Bxe4 Bxe4 20.Nd1 Qc6 21.Rf2 O-O 22.Re2 d5
23.Nf2 Bg6 24.Re3 Qd6 25.Rf3 Rc4 26.Nh3 Qxa3 27.Ra1 Qd6 28.Qd2 Rfc8  0-1

[Event "Orange op"]
[Site "Orange"]
[Date "1990.??.??"]
[Round "3"]
[White "Zelcic, Robert"]
[Black "Velikov, Petar"]
[Result "0-1"]
[WhiteElo "2325"]
[BlackElo "2495"]

1.e4 c5 2.Nf3 e6 3.d4 cxd4 4.Nxd4 a6 5.Nc3 Qc7 6.Be2 b5 7.O-O Bb7 8.Bf3 Nc6
9.g3 Nf6 10.Re1 Ne5 11.Bg2 Bc5 12.Nb3 Ba7 13.h3 Rc8 14.Bf4 d6 15.a4 b4 16.Na2 Qxc2
17.Re2 Qxd1+ 18.Rxd1 Ke7 19.Na5 Ba8 20.Nxb4 Bb6 21.Nb3 Rc4 22.Nd3 Nxd3 23.Rxd3 e5
24.a5 Ba7 25.Bg5 h6 26.Bxf6+ gxf6 27.Nd2 Rc2 28.Rc3 Rxc3 29.bxc3 Rc8 30.Nf3 f5
31.exf5 Rxc3 32.Nxe5 Rxg3 33.Nc6+ Kf6 34.Nxa7 Rxg2+ 35.Kf1 Rh2 36.Re3 Rh1+
37.Ke2 Rc1 38.Re8 Bb7 39.Rh8 Ke5 40.Rxh6 Be4 41.f4+ Kd5 42.Rh8 Bxf5 43.h4 Rc7
44.Ra8 Kd4 45.h5 Be4 46.Rd8 Rxa7 47.Rxd6+ Bd5 48.Rf6 Rc7 49.Kf2 Bc4 50.Kf3 Rc5
51.h6 Rxa5 52.f5 Ra1 53.Kg2 Bd5+ 54.Kg3 Ke5  0-1

[Event "World op"]
[Site "Philadelphia"]
[Date "1990.??.??"]
[Round "8"]
[White "Getz, Shelby D"]
[Black "Gurevich, Ilya"]
[Result "0-1"]
[WhiteElo "2295"]
[BlackElo "2410"]

1.e4 c5 2.Nf3 e6 3.Nc3 a6 4.d4 cxd4 5.Nxd4 Qc7 6.g3 Nf6 7.Bg2 Bb4 8.Ne2 Be7
9.b3 O-O 10.Bb2 Nc6 11.O-O d6 12.Nd4 Bd7 13.Nce2 b5 14.Qd2 Rac8 15.Rac1 Qb7
16.Rfe1 Rfd8 17.h3 e5 18.Nf5 Bxf5 19.exf5 d5 20.Qe3 Qc7 21.a3 b4 22.a4 Bd6
23.g4 h6 24.Kh1 Qa5 25.f4 Re8 26.fxe5 Nxe5 27.Qd2 Bb8 28.Bd4 Ne4 29.Qe3 Nc6
30.Bb6 Ng3+ 31.Nxg3 Rxe3 32.Bxa5 Rxe1+ 33.Rxe1 Bxg3 34.Re3 Bf2 35.Bb6 Bxe3
36.Bxe3 Ne7 37.Bf1 Rxc2 38.Bxa6 Rc3 39.Bd4 Rxh3+ 40.Kg2 Rxb3 41.Bb5 Ra3 42.Kf2 Nc8
43.Bc5 Ra2+ 44.Ke3 b3 45.Kd3 Rc2 46.Bb4 Na7 47.Bc3 Rg2  0-1

[Event "RLPF-chA"]
[Site "Polch"]
[Date "1990.??.??"]
[Round "?"]
[White "Peterson, Emery"]
[Black "Reth, I."]
[Result "1-0"]
[WhiteElo "2130"]
[BlackElo "1910"]

1.e4 c5 2.Nf3 e6 3.d4 cxd4 4.Nxd4 a6 5.Nc3 Nc6 6.Be2 Nge7 7.O-O Nxd4 8.Qxd4 Nc6
9.Qd1 Be7 10.Be3 b5 11.a3 O-O 12.f4 d6 13.Bf3 Bb7 14.Qe1 Na5 15.Rd1 Qc7 16.Kh1 Rac8
17.Qg3 Nc4 18.Bc1 Nxa3 19.e5 Bxf3 20.Rxf3 dxe5 21.bxa3 e4 22.Nxe4 Qxc2 23.Qe1 b4
24.Rf2 Qc4 25.axb4 Bxb4 26.Bd2 Rfd8 27.Bxb4 Qxb4 28.Rfd2 Rxd2 29.Qxd2 Qxd2
30.Nxd2 Kf8 31.Kg1 Ke7 32.Kf2 Rb8 33.Ne4 Rb7 34.Nc5 Ra7 35.Ke3 a5 36.Rd4 Rc7
37.Ne4 Rc2 38.Rd2 Rc6 39.Ra2 Ra6 40.Kd4 Ra7 41.Kc4 f5 42.Nc5 Kf6 43.Re2 Re7
44.Kb5 h6 45.h4 g5 46.g3 gxf4 47.gxf4 Kg6 48.Kxa5 Kh5 49.Nxe6 Kxh4 50.Rh2+ Kg4
51.Rxh6 Kf3 52.Kb4 Ke4 53.Kc5 Rd7 54.Rh1 Rd3 55.Re1+  1-0

[Event "Porz op25"]
[Site "Porz"]
[Date "1990.??.??"]
[Round "?"]
[White "Chuchelov, Vladimir"]
[Black "Cmiel, Thorsten"]
[Result "1/2-1/2"]
[WhiteElo "2345"]
[BlackElo "2270"]

1.e4 c5 2.Nf3 e6 3.d4 cxd4 4.Nxd4 a6 5.Nc3 Qc7 6.Be2 Nf6 7.O-O d6 8.f4 Be7
9.Be3 O-O 10.a4 Nc6 11.Kh1 Re8 12.Qe1 Nxd4 13.Bxd4 e5 14.fxe5 dxe5 15.Qg3 Bd8
16.Be3 Kh8 17.Bg5 Be6 18.Rad1 Be7 19.Qh4 Ng8 20.Bxe7 Nxe7 21.Bg4 Ng6 22.Qg3 Bc4
23.Rf2 Rad8 24.Rfd2 Rxd2 25.Rxd2 Rd8 26.Qe3 f6 27.Be2 Be6 28.b3 Ne7 29.Rxd8+ Qxd8
30.Qd3 Qd4 31.Qxd4 exd4 32.Nb1 Nc6 33.Nd2 Kg8 34.Kg1 Kf8 35.Kf1 Ke7 36.Ke1 Kd6
37.Bc4 Nb4 38.Kd1 Bg4+ 39.Kc1 Ke5 40.Kb2 Kf4 41.c3 Nc6 42.cxd4 Nxd4 43.Kc3 Ke3
44.Nf1+ Kxe4 45.Bd3+ Ke5 46.Bxh7 Be6 47.Nd2 Ne2+ 48.Kb4 Bd5 49.Kc5 Bxg2 50.Nc4+ Ke6
51.Kb6 Nd4 52.Na5  1/2-1/2

[Event "Porz op24"]
[Site "Porz"]
[Date "1990.??.??"]
[Round "5"]
[White "Brueggemann, Joachim"]
[Black "Spassov, Liuben"]
[Result "1-0"]
[WhiteElo "2290"]
[BlackElo "2400"]

1.e4 c5 2.Nf3 e6 3.d4 cxd4 4.Nxd4 a6 5.Nc3 Qc7 6.Bd3 b5 7.O-O Bb7 8.Qe2 d6
9.Bg5 Nd7 10.Rfe1 Be7 11.Qh5 g6 12.Qh4 Bxg5 13.Qxg5 Qc5 14.Qe3 Ngf6 15.Rad1 O-O
16.a3 Rac8 17.Bf1 Rfd8 18.Qh3 Qe5 19.Nf3 Qf4 20.g3 Qxf3 21.Be2 Rxc3 22.Bxf3 Rxf3
23.Rxd6 Rc8 24.e5 Nxe5 25.Rxe5 Rxc2 26.Qh6 Ne8 27.Rd8 Bc6 28.Rc8 Rcxf2 29.Qc1 Bd7
30.Rd8 f6 31.Re1  1-0

[Event "Porz op24"]
[Site "Porz"]
[Date "1990.??.??"]
[Round "9"]
[White "Auer, Martin"]
[Black "Spassov, Liuben"]
[Result "0-1"]
[WhiteElo "2250"]
[BlackElo "2400"]

1.e4 c5 2.Nf3 e6 3.d4 cxd4 4.Nxd4 a6 5.Nc3 Qc7 6.g3 Bb4 7.Qd3 Nf6 8.Bg2 Nc6
9.Nxc6 dxc6 10.a3 Be7 11.h3 e5 12.Be3 b5 13.a4 b4 14.Nb1 a5 15.Nd2 Ba6 16.Nc4 O-O
17.O-O Nd7 18.f4 Bc5 19.b3 Bxc4 20.bxc4 Bxe3+ 21.Qxe3 Qb6 22.Qxb6 Nxb6 23.c5 Nd7
24.Rfd1 Nxc5 25.Rd6 Rfc8 26.h4 Rc7 27.Kf2 Kf8 28.Ke3 f6 29.fxe5 fxe5 30.Rf1+ Ke7
31.Rd2 Nxa4 32.Rf5 Rd7 33.Rxe5+ Kd8 34.Rf2 Kc7 35.Bh3 Nb2 36.Bxd7 Nd1+ 37.Kd4 Nxf2
38.Bf5 a4 39.Re7+ Kb6 40.Be6 Nd1 41.Rxg7 a3 42.e5 Rd8+ 43.Ke4 Nc3+  0-1

[Event "Bohemians-B"]
[Site "Prague"]
[Date "1990.??.??"]
[Round "?"]
[White "Bielczyk, Jacek"]
[Black "Damjanovic, Mato"]
[Result "1/2-1/2"]
[WhiteElo "2355"]
[BlackElo "2335"]

1.e4 c5 2.Nf3 e6 3.d4 cxd4 4.Nxd4 a6 5.Nc3 Qc7 6.g3 Nc6 7.Bg2 d6 8.O-O Bd7
9.Nxc6 Bxc6 10.a4 Nf6 11.a5 Be7 12.Be3 Nd7 13.Na4 Bf6 14.Nb6 Rd8 15.Bd4 Bxd4
16.Qxd4 e5 17.Qb4 Nxb6 18.axb6 Qe7 19.Rad1 O-O 20.Rd2 f5 21.exf5  1/2-1/2

[Event "CRO-Cup"]
[Site "Pula"]
[Date "1990.??.??"]
[Round "?"]
[White "Todorovic, Goran M"]
[Black "Dizdarevic, Emir"]
[Result "1-0"]
[WhiteElo "2415"]
[BlackElo "2475"]

1.e4 c5 2.Nf3 e6 3.d4 cxd4 4.Nxd4 a6 5.Nc3 Qc7 6.Bd3 Nf6 7.f4 d6 8.Nf3 Nc6
9.O-O Be7 10.Kh1 O-O 11.Qe1 b5 12.e5 Ne8 13.Ne4 dxe5 14.fxe5 Nxe5 15.Nxe5 Qxe5
16.Bf4 Qh5 17.Ng3 Qh4 18.Be4 Ra7 19.Be3 Rd7 20.Rf4 Qh6 21.Rxf7 Qh4 22.Rxf8+ Kxf8
23.Qc3 Rc7 24.Rf1+ Kg8 25.Qd2 Rd7 26.Qf2 Nf6 27.Bc5 Bxc5 28.Qxc5 Rd8 29.Qc7 Rf8
30.Bd3 Qd4 31.Ne4 Qd7 32.Qxd7 Bxd7 33.Nc5 Bc8 34.b4 Rd8 35.c4 bxc4 36.Bxc4 Rd6
37.h3 Kf7 38.a4 Rc6 39.Rc1 Ke7 40.Kg1 e5 41.a5 Nd7 42.Bd3 g6 43.Be4 Rc7 44.Kf2 Nf6
45.Ke3 Nxe4 46.Kxe4 Bb7+ 47.Kxe5 Bxg2 48.Rd1 Ra7 49.h4 Bc6 50.Rd6 Bb5 51.Rf6 Bc4
52.Rb6 Be2 53.Rb8 Kf7 54.Ne6 Bc4 55.Rh8 Rd7 56.Rxh7+ Ke8 57.Rh8+ Ke7 58.Rh7+ Ke8
59.Rxd7 Kxd7 60.Nf8+ Kc6 61.Nxg6 Kb5 62.h5  1-0

[Event "Pula tt2"]
[Site "Pula"]
[Date "1990.??.??"]
[Round "9"]
[White "Kosanovic, Goran A"]
[Black "Hulak, Krunoslav"]
[Result "1/2-1/2"]
[WhiteElo "2405"]
[BlackElo "2560"]

1.e4 c5 2.Nf3 e6 3.d4 cxd4 4.Nxd4 a6 5.Nc3 Qc7 6.f4 b5 7.Be2 Bb7 8.Bf3 Nc6
9.Nxc6 dxc6 10.Be3 Nf6 11.e5 Nd5 12.Nxd5 cxd5 13.Bd4 Be7 14.O-O O-O  1/2-1/2

[Event "Pula op"]
[Site "Pula"]
[Date "1990.??.??"]
[Round "9"]
[White "Dragovic, Nada"]
[Black "Sirotkina, Nina"]
[Result "1/2-1/2"]
[WhiteElo "2015"]
[BlackElo "2235"]

1.e4 c5 2.Nf3 e6 3.d4 cxd4 4.Nxd4 a6 5.Nc3 b5 6.Be3 Bb7 7.f3 Bb4 8.Be2 Qc7
9.Qd3 Nf6 10.O-O O-O 11.a4 d5 12.exd5 Bxc3 13.bxc3 Nxd5 14.Bd2 Nd7 15.Nb3 Nc5
16.Nxc5 Qxc5+ 17.Kh1 Rfd8 18.Qd4 Qe7 19.axb5 Nc7 20.Qe3 axb5 21.Bd3 Bd5 22.Qe2 Qc5
23.Rxa8 Rxa8 24.h3 Bc4 25.Rb1 Bxd3 26.Qxd3 h6 27.Be3 Qc6 28.Bd4 Rd8 29.Qe2 Rd5
30.f4 Ne8 31.Rb4 Nd6 32.Kh2 Nf5 33.g3 Nxd4 34.cxd4 Qc3 35.Rxb5 Rxb5 36.Qxb5 Qxc2+
37.Kh1 Qd1+ 38.Kg2 Qd2+ 39.Kf3 Qd1+ 40.Kg2 Qd2+ 41.Kf3 Kh7 42.Qe5 Qd1+  1/2-1/2

[Event "Rimavska Sobota"]
[Site "Rimavska Sobota"]
[Date "1990.??.??"]
[Round "8"]
[White "Zhidkov, Valery S"]
[Black "Plachetka, Jan"]
[Result "1/2-1/2"]
[WhiteElo "2415"]
[BlackElo "2425"]

1.e4 c5 2.Nf3 e6 3.d4 cxd4 4.Nxd4 a6 5.Nc3 Qc7 6.g3 d6 7.Bg2 Nf6 8.O-O Be7
9.Be3 Nc6 10.Qe2 O-O 11.Rad1 Bd7 12.a4 Rab8 13.h3 Nxd4 14.Bxd4 e5 15.Ba7 Rbc8
16.Be3 Qc4 17.Rd3 h6 18.b3 Qc7 19.Rc1 b5 20.axb5 axb5 21.Nd5 Nxd5 22.Rxd5 Bc6
23.Rdd1 Qb7 24.Ra1 Ra8 25.Rxa8 Rxa8 26.Bd2 f5 27.Bb4 Bxe4 28.Bxe4 Qxe4 29.Qxe4 fxe4
30.Rd2 Ra6 31.Rd5 Rb6 32.Ba5 Rb7 33.Kf1 Kf7 34.Ke2 Ke6 35.c4 bxc4 36.bxc4 Bg5
37.Rb5 Rxb5 38.cxb5 Kd7 39.h4 Bd8 40.Bb4 Bb6  1/2-1/2

[Event "Rome op"]
[Site "Rome"]
[Date "1990.??.??"]
[Round "5"]
[White "Aleksic, Nenad"]
[Black "Martorelli, Antonio"]
[Result "1-0"]
[WhiteElo "2415"]
[BlackElo "2220"]

1.e4 c5 2.Nf3 e6 3.Nc3 a6 4.d4 cxd4 5.Nxd4 Qc7 6.g3 Nf6 7.Bg2 Be7 8.O-O O-O
9.Re1 d6 10.Be3 Nc6 11.Nxc6 bxc6 12.Na4 Rb8 13.c4 Nd7 14.b3 c5 15.f4 Bf6
16.Rc1 Bb7 17.Qd2 Rbd8 18.Rcd1 Nb8 19.Qf2 Nc6 20.e5 dxe5 21.Nxc5 Ba8 22.Ne4 Rxd1
23.Nxf6+ gxf6 24.Rxd1 Ne7 25.Bb6 Qc8 26.Bxa8 Qxa8 27.fxe5 fxe5 28.Qf6 Qc6
29.Qxe7 Qxb6+ 30.c5 Qa5 31.Qg5+ Kh8 32.Qxe5+ f6 33.Qd6 Rc8 34.Rc1 Qb4 35.Qxe6 Qd4+
36.Kh1 Kg7 37.Rc4 Qd1+ 38.Kg2 f5 39.Qxc8 Qe2+ 40.Kh3 Qh5+ 41.Rh4  1-0

[Event "Rotterdam knok"]
[Site "Rotterdam"]
[Date "1990.??.??"]
[Round "1"]
[White "Boersma, Paulus A"]
[Black "Ree, Hans"]
[Result "0-1"]
[WhiteElo "2395"]
[BlackElo "2455"]

1.e4 c5 2.Nf3 e6 3.Nc3 a6 4.d4 cxd4 5.Nxd4 d6 6.f4 Nf6 7.Bd3 Be7 8.Nf3 Nc6
9.O-O b5 10.Qe2 Qc7 11.Kh1 Bb7 12.Bd2 Nd7 13.a3 b4 14.Nd1 Nc5 15.Ne3 O-O
16.Nc4 Rfd8 17.Qf2 d5 18.exd5 Nxd3 19.cxd3 exd5 20.Nce5 d4 21.Rac1 Qb6 22.Nc4 Qa7
23.Ng5 a5 24.f5 Ba6 25.Qg3 Bf8 26.Bf4 Rd5 27.f6 g6 28.Ne4 Nd8 29.Bd6 Ne6
30.Bxf8 Rxf8 31.Ne5 Qb8 32.Nc6 Qxg3 33.Nxg3 Rc5 34.Rxc5 Nxc5 35.Nxd4 Nxd3
36.Nc6 Nxb2 37.Rb1 Nc4 38.Ne4 Bb7 39.Ne7+ Kh8 40.Nc5 Ba8 41.Nb3 Rd8 42.Rc1 Ne3
43.Nxa5 Nxg2 44.Nac6 Nf4 45.Kg1 Rd6 46.Nxb4 Ne2+ 47.Kf2 Nxc1  0-1

[Event "Rotterdam knok"]
[Site "Rotterdam"]
[Date "1990.??.??"]
[Round "1"]
[White "Nijboer, Friso"]
[Black "Martens, Martin"]
[Result "1-0"]
[WhiteElo "2485"]
[BlackElo "2320"]

1.e4 c5 2.Nf3 e6 3.d4 cxd4 4.Nxd4 a6 5.Nc3 Qc7 6.Be2 Nf6 7.O-O d6 8.f4 Be7
9.a4 O-O 10.Be3 Nc6 11.Kh1 Re8 12.Bd3 Nxd4 13.Bxd4 e5 14.Bg1 exf4 15.Rxf4 Be6
16.Bd4 Nd7 17.Nd5 Qd8 18.Nxe7+ Qxe7 19.Rf1 Ne5 20.Qe1 f6 21.Bg1 Rac8 22.Qb4 Rc6
23.Rad1 Rec8 24.Rfe1 Bf7 25.c3 Bg6 26.Bf1 h6 27.Rd2 Bh5 28.a5 Kh8 29.Bd4 Bf7
30.Bg1 Bh5 31.h3 Rd8 32.b3 Rd7 33.c4 Qe6 34.Bh2 Bg6 35.Rd4 Rc5 36.Qd2 Nf7
37.Be2 Ne5 38.Bd1 Rc6 39.Rd5 Qe7 40.Bc2 Bf7 41.Rd4 Qd8 42.Bf4 Bg8 43.Bd1 Rc5
44.Be2 Rc6 45.Rd1 Qe7 46.Qb4 Bh7 47.Bc1 Bg6 48.Ba3 Nf7 49.c5 Rxc5 50.Qxc5 dxc5
51.Rxd7 Qe8 52.Bc4 Kh7 53.Bxf7 Bxf7 54.Rxb7 Be6 55.Bb2 Kg6 56.Rb6 Kh5 57.e5 Qf7
58.exf6 gxf6 59.Rdd6 Qg6 60.Rxe6 Qb1+ 61.Kh2 Qxb2 62.Rxa6 Qd4 63.Rad6 Qf4+
64.Kg1 Qc1+ 65.Kf2 Qc2+ 66.Kg3 Qxb3+ 67.Kh2 Qb4 68.Rxf6 Kg5 69.Rg6+ Kf5 70.Rdf6+ Ke5
71.a6 Qa4 72.Rxh6 c4 73.Rfg6 Ke4 74.Rg4+ Kd3 75.Rd6+ Kc3 76.Rdd4 Qxa6 77.Rxc4+ Kd3
78.Rcf4 Qd6 79.Rg3+ Ke2 80.Rgf3 Qc7 81.h4 Qe5 82.Kh3 Qe6+ 83.Rf5 Qd7 84.h5 Qe6
85.g4 Qb6 86.Kh4 Qd6 87.Rf6 Qh2+ 88.Kg5 Qe5+ 89.R3f5 Qe3+ 90.Kg6 Qe8+ 91.Kg7 Qd7+
92.Kh6 Qd8 93.Rf7 Qh8+ 94.Kg5 Qd8+ 95.R5f6 Qg8+ 96.Kh4 Qb8 97.h6 Qh2+ 98.Kg5 Qe5+
99.Rf5 Qe3+ 100.Kg6 Qe6+ 101.Kg7 Qe4 102.g5 Qd4+ 103.R5f6 Qc5  1-0

[Event "Salamanca"]
[Site "Salamanca"]
[Date "1990.??.??"]
[Round "7"]
[White "De la Villa Garcia, Jesus Maria"]
[Black "Sion Castro, Marcelino"]
[Result "1/2-1/2"]
[WhiteElo "2450"]
[BlackElo "2365"]

1.e4 c5 2.Nf3 e6 3.d4 cxd4 4.Nxd4 a6 5.Nc3 Qc7 6.g3 Bb4 7.Bd2 Nf6 8.Bg2 Nc6
9.Nce2 Be7 10.O-O O-O 11.Bc3 Rd8 12.Qd2 e5 13.Nf5 d5 14.Nxe7+ Nxe7 15.exd5 Nexd5
16.Rfd1 Bg4 17.Bxd5 Rxd5 18.Qe3 Re8 19.Re1 h6 20.Nc1 Rdd8 21.Nd3 Nd5 22.Bxe5 Qxc2
23.Qd4 Nf6 24.Qf4 Rxd3 25.Bxf6 Rxe1+ 26.Rxe1 Rd1 27.Bc3 Qe2 28.Qe3 Rxe1+
29.Bxe1 Qc4 30.f3 Bh3 31.Qe8+ Kh7 32.Qe4+ Qxe4 33.fxe4  1/2-1/2

[Event "Wch Girls U20"]
[Site "Santiago"]
[Date "1990.??.??"]
[Round "?"]
[White "Cosma, Elena Luminita"]
[Black "Kokanovic, Ksenija"]
[Result "1-0"]
[WhiteElo "2160"]
[BlackElo "2115"]

1.e4 c5 2.Nf3 e6 3.Nc3 a6 4.d4 cxd4 5.Nxd4 Nc6 6.g3 Nge7 7.Bg2 Nxd4 8.Qxd4 Nc6
9.Qe3 Be7 10.O-O O-O 11.a4 b6 12.b3 Bb7 13.Bb2 Rc8 14.Qe2 Bf6 15.Rab1 Qc7
16.Rfe1 Nd4 17.Qd3 Nc6 18.Qd2 d6 19.Nd1 Ne5 20.c4 Rfd8 21.Ne3 Nd7 22.Ng4 Bxb2
23.Rxb2 Ne5 24.Ne3 Nd7 25.Nd1 Nf6 26.Nc3 Qc5 27.Rbb1 d5 28.exd5 exd5 29.Nxd5 Nxd5
30.cxd5 h6 31.Rbd1 Qa3 32.Qe3 Rd7 33.Qxb6 Rcd8 34.Re3 Qb2 35.Red3 Qe2 36.Qe3 Qh5
37.d6 Bxg2 38.Kxg2 Qg6 39.Qf4 Qh5 40.R1d2 Qc5  1-0